| 000 | 00474nam a22001697a 4500 | ||
|---|---|---|---|
| 005 | 20250210141014.0 | ||
| 008 | 250210b |||||||| |||| 00| 0 eng d | ||
| 020 | _a9780852975190 | ||
| 050 |
_aHG3755 _bMCN |
||
| 100 | _aMcNab, Helen | ||
| 245 | _aPrinciples and practice of consumer credit risk management | ||
| 260 |
_aLondon _bFinancial World Publishing _cc2000 |
||
| 300 |
_ax, 222p; _bill.; |
||
| 500 | _aincludes index | ||
| 700 | _aWynn, Abthea | ||
| 942 |
_2lcc _cBK _n0 |
||
| 999 |
_c3788 _d3788 |
||